000
00304nam a22001337a 4500
008
181010b xxu||||| |||| 00| 0 eng d
020
_a
9780495186953
041
_a
eng
080
_a
311
100
_a
55
101
_a
STA
245
_a
The Excel Statistics Companion
_c
Rosenberg,K.M
942
_2
udc
_c
BK
999
_c
49279
_d
49279